00447nam a2200181 a 4500001001300000003000900013005001700022008004100039020000900080082001300089100001600102245003300118260004400151300000900195500003500204505001000239700001600249nice12345678IN_TiNIC20260116011918.0050524s1975 lona grp 000 0 eng  ac2400a909bDAV aDavies, H A aOUTLINE HISTORY OF the WORLD aLondan bOxford University Press c1975 a588p aincludes index and biblioraphy2 aIndex1 aDavies, H A